1898--la guerra después de la guerra / (Record no. 14499)

MARC details
000 -LEADER
campo de control de longitud fija 01063cam a2200337 a 4500
001 - NÚMERO DE CONTROL
campo de control 32786
005 - FECHA Y HORA DE LA ÚLTIMA TRANSACCIÓN
campo de control 20230410101817.0
008 - DATOS DE LONGITUD FIJA--INFORMACIÓN GENERAL
campo de control de longitud fija 870304s1998 pr a b 000 0 spa
035 ## - NÚMERO DE CONTROL DEL SISTEMA
-- (DLC) 87080624
035 ## - NÚMERO DE CONTROL DEL SISTEMA
Número de control de sistema 1480364
050 14 - SIGNATURA TOPOGRÁFICA DE LA BIBLIOTECA DEL CONGRESO
Número de clasificación 117 F 1975
Número de ítem P598m 1998
010 ## - NÚMERO DE CONTROL DE LA BIBLIOTECA DEL CONGRESO
Número de control de LC 87080624
020 ## - NÚMERO INTERNACIONAL ESTÁNDAR DEL LIBRO
Número Internacional Estándar del Libro 094023825X
040 ## - FUENTE DE CATALOGACIÓN
Centro catalogador/agencia de origen DLC
Centro/agencia transcriptor DLC
Centro/agencia modificador DLC
043 ## - CÓDIGO DE ÁREA GEOGRÁFICA
Código de área geográfica nwpr---
-- n-us---
100 1# - ENTRADA PRINCIPAL--NOMBRE DE PERSONA
Nombre de persona Picó, Fernando.
245 10 - MENCIÓN DEL TÍTULO
Título 1898--la guerra después de la guerra /
Mención de responsabilidad, etc. Fernando Picó.
250 ## - MENCION DE EDICION
Mención de edición 2a ed.
260 ## - PUBLICACIÓN, DISTRIBUCIÓN, ETC.
Lugar de publicación, distribución, etc. Río Piedras, P.R. :
Nombre del editor, distribuidor, etc. Ediciones Huracán,
Fecha de publicación, distribución, etc. 1998.
300 ## - DESCRIPCIÓN FÍSICA
Extensión 215 p. :
Otras características físicas ill. ;
Dimensiones 19 cm.
490 0# - MENCIÓN DE SERIE
Mención de serie Colección Semilla
504 ## - NOTA DE BIBLIOGRAFÍA, ETC.
Nota de bibliografía, etc. Bibliography: p. [208]-215.
651 #0 - PUNTO DE ACCESO ADICIONAL DE MATERIA--NOMBRE GEOGRÁFICO
Nombre geográfico Puerto Rico
Subdivisión general History
Subdivisión cronológica 1898-1952.
650 #0 - PUNTO DE ACCESO ADICIONAL DE MATERIA--TÉRMINO DE MATERIA
Término de materia o nombre geográfico como elemento de entrada Spanish-American War, 1898
Subdivisión general Social aspects.
650 #0 - PUNTO DE ACCESO ADICIONAL DE MATERIA--TÉRMINO DE MATERIA
Término de materia o nombre geográfico como elemento de entrada Outlaws
Subdivisión geográfica Puerto Rico
Subdivisión general History
Subdivisión cronológica 20th century.
650 #0 - PUNTO DE ACCESO ADICIONAL DE MATERIA--TÉRMINO DE MATERIA
Término de materia o nombre geográfico como elemento de entrada Peasant uprisings
Subdivisión geográfica Puerto Rico
Subdivisión general History
Subdivisión cronológica 20th century.
651 #0 - PUNTO DE ACCESO ADICIONAL DE MATERIA--NOMBRE GEOGRÁFICO
Nombre geográfico Puerto Rico
Subdivisión general Economic conditions.
651 #0 - PUNTO DE ACCESO ADICIONAL DE MATERIA--NOMBRE GEOGRÁFICO
Nombre geográfico Puerto Rico
Subdivisión general Social conditions.
922 ## -
-- ad
942 ## - ELEMENTOS DE ENTRADA SECUNDARIOS (KOHA)
Fuente del sistema de clasificación o colocación Clasificación de Library of Congress
Tipo de ítem Koha
Holdings
Estatus retirado Estado de pérdida Fuente del sistema de clasificación o colocación Estado de daño No para préstamo Colección Biblioteca de origen Biblioteca actual Ubicación en estantería Fecha de adquisición Serial enumeration / chronology Signatura topográfica completa Código de barras Visto por última vez Copia número Tipo de ítem Koha
    Clasificación de Library of Congress     Recursos Regionales Biblioteca Juan Bosch Biblioteca Juan Bosch Recursos Regionales (2do. Piso) 10/04/2023 1 117 F 1975 P598m 1998 00000037999 23/10/2018 1